| 000 | 00943cam a2200289 a 4500 | ||
|---|---|---|---|
| 001 | 14143335 | ||
| 003 | OSt | ||
| 005 | 20140310181749.0 | ||
| 008 | 051017s2005 ph l 000 0 eng | ||
| 010 | _a 2005436272 | ||
| 020 | _a9718961186 | ||
| 040 |
_aDLC _cDLC _dDLC |
||
| 042 | _alcode | ||
| 043 | _aa-ph--- | ||
| 050 | 0 | 0 |
_aKPM 1568 _b.F523 2008 |
| 082 |
_aFIL 363.377 _bF44 2008 |
||
| 110 | 1 |
_aPhilippines. _bPresident (1965-1986 : Marcos) |
|
| 245 | 1 | 0 |
_aFire Code of the Philippines with implementing rules and regulations : _bPresidential Decree no. 1185 / |
| 260 |
_aSampaloc, Manila : _bPublished & distributed by A.V.B. Print. Press, _c2008. |
||
| 300 |
_axxiii, 391 p. ; _c22 cm. |
||
| 562 | _e1 | ||
| 650 | 0 |
_aFire prevention _xLaw and legislation _zPhilippines. |
|
| 906 |
_a7 _bcbc _corigode _d3 _encip _f20 _gy-gencatlg |
||
| 942 |
_2lcc _cBK |
||
| 999 |
_c3144 _d3144 |
||